| 000 | 00576 a2200241 4500 | ||
|---|---|---|---|
| 260 | _aparis | ||
| 630 | _a657 - Comptabilité | ||
| 037 | _b1, LP | ||
| 650 | _a6 - SCIENCES APPLIQUEES | ||
| 100 | _aChoucha, Lionel | ||
| 260 | _bVuibert | ||
| 245 | _aLes épreuves 10, 11 et 12 du DECF : sujets et corrigés sessions 1987/88 | ||
| 300 | _a79 p. | ||
| 650 | _aComptabilité | ||
| 260 | _ccop. 1988 | ||
| 300 | _b24 cm | ||
| 100 | _lFr | ||
| 440 | _aCollection Vuibert Techniques | ||
| 037 | _aDe 8393 | ||
| 020 | _a2-7117-7808-8 | ||
| 999 |
_c37975 _d37975 |
||